000 00601nam a2200229Ia 4500
003 OSt
005 20220928102135.0
006 a|||||r|||| 00| 0
007 ta
008 220927b |||||||| |||| 00| 0 eng d
024 _a56240
037 _cTextual
040 _aSDCL
_cSDCL
_beng
041 _2eng
_aeng
082 _aO152,3N373x, N2
100 _aShah Ramesh Chandra
_9391593
245 0 _aMaanpatra.
260 _aBikaner
_bWagdevi Prakashan
_c1992
300 _a144p
_ccm.
942 _hO152,3N373x, N2
_cTEXL
_2CC
999 _c712522
_d712522